[Event "España ch sub-16 2007"]
[Site "Linres ESP"]
[Date "2007.07.22"]
[Round "2.12"]
[White "Subirats Ruiz, Sergi"]
[Black "Coll Ortega, Jordi"]
[Result "1/2-1/2"]
[WhiteElo "1958"]
[BlackElo "2105"]
[PlyCount "135"]
[EventDate "2007.07.22"]
[EventType "swiss"]
[EventRounds "9"]
[EventCountry "ESP"]
[Source "lmi"]
[SourceDate "2007.07.22"]

1. e4 c5 2. Nf3 d6 3. d4 cxd4 4. Nxd4 Nf6 5. Nc3 a6 6. f3 e5 7. Nb3 Be6 8. g4
Nbd7 9. Be3 b5 10. g5 Nh5 11. Nd5 Rc8 12. Qd2 Bxd5 13. exd5 Nb6 14. Na5 Qc7 15.
Bh3 Nxd5 16. Qxd5 Qxa5+ 17. Bd2 Qc7 18. Bxc8 Qxc8 19. O-O-O Be7 20. f4 O-O 21.
fxe5 Qc7 22. exd6 Bxd6 23. Bc3 Bf4+ 24. Kb1 Rc8 25. Qf5 g6 26. Qd5 b4 27. Bxb4
Qxc2+ 28. Ka1 h6 29. gxh6 Bxh6 30. Bc3 Rxc3 31. bxc3 Bg7 32. Rd3 Bxc3+ 33. Rxc3
Qxc3+ 34. Kb1 Qb4+ 35. Kc2 Nf4 36. Qc6 Ne6 37. Qc8+ Kh7 38. Rd1 Qa4+ 39. Kc1
Qxa2 40. Qc3 Qxh2 41. Rf1 Qh6+ 42. Kb1 Kg8 43. Qc8+ Qf8 44. Qxa6 Qb4+ 45. Ka2
Qd2+ 46. Kb1 Qb4+ 47. Ka2 Nd4 48. Rb1 Qc3 49. Rb2 Kg7 50. Qd6 Qc4+ 51. Kb1 Qd3+
52. Ka2 Qe4 53. Qc5 Qe6+ 54. Kb1 Qf5+ 55. Qxf5 Nxf5 56. Kc2 g5 57. Rb6 f6 58.
Kd3 Kg6 59. Ke4 Ng3+ 60. Kf3 Nf5 61. Kg4 Nh6+ 62. Kf3 Nf7 63. Kg4 Ne5+ 64. Kg3
Kf5 65. Rb1 g4 66. Rb5 Kg5 67. Ra5 Kf5 68. Rb5 1/2-1/2

[Event "España ch sub-16 2007"]
[Site "Linres ESP"]
[Date "2007.07.23"]
[Round "3.1"]
[White "Gomez Calomarde, Saul"]
[Black "Salgado Lopez, Ivan"]
[Result "0-1"]
[WhiteElo "2038"]
[BlackElo "2456"]
[PlyCount "94"]
[EventDate "2007.07.22"]
[EventType "swiss"]
[EventRounds "9"]
[EventCountry "ESP"]
[Source "lmi"]
[SourceDate "2007.07.22"]

1. d4 c5 2. c3 Nf6 3. Nf3 b6 4. Bf4 Bb7 5. e3 g6 6. Nbd2 Bg7 7. h3 O-O 8. Be2
d6 9. O-O Nbd7 10. a4 a6 11. Bh2 Re8 12. Re1 Rc8 13. Qc2 Rc7 14. Ra3 Qa8 15.
Nc4 Bd5 16. b3 Qb7 17. Ncd2 cxd4 18. exd4 Rcc8 19. Qd3 a5 20. c4 Be6 21. Nh4 d5
22. Bf3 Qa6 23. Rc1 Bh6 24. Rc2 Red8 25. Be2 dxc4 26. Nxc4 Nc5 27. Qc3 Nce4 28.
Qb2 Qb7 29. Ra1 Nd5 30. Bf3 Nb4 31. Re2 Bd5 32. Rd1 f5 33. Be5 Bg5 34. g3 Bxh4
35. gxh4 Nc3 36. Bxd5+ Nbxd5 37. Rde1 Nxe2+ 38. Rxe2 b5 39. Nxa5 Qa6 40. b4
bxa4 41. Qd2 f4 42. Re4 Qe6 43. Qd3 Qf5 44. Qf3 Rc1+ 45. Kh2 Rc3 46. Qg2 a3 47.
Nc6 Rxc6 0-1

[Event "España ch sub-16 2007"]
[Site "Linres ESP"]
[Date "2007.07.23"]
[Round "3.2"]
[White "Recuero Guerra, David"]
[Black "Vela Villares, Hector"]
[Result "1-0"]
[WhiteElo "2378"]
[BlackElo "2035"]
[PlyCount "79"]
[EventDate "2007.07.22"]
[EventType "swiss"]
[EventRounds "9"]
[EventCountry "ESP"]
[Source "lmi"]
[SourceDate "2007.07.22"]

1. e4 d5 2. exd5 Qxd5 3. Nc3 Qd6 4. d4 Nf6 5. Nf3 a6 6. Bd3 Bg4 7. O-O Nc6 8.
Ne4 Nxe4 9. Bxe4 O-O-O 10. c3 e6 11. h3 Bh5 12. b4 Bg6 13. Bxg6 hxg6 14. a4 Qd5
15. b5 axb5 16. axb5 Qxb5 17. Ra8+ Kd7 18. Ne5+ Nxe5 19. dxe5+ Qd5 20. c4 Qxd1
21. Rxd1+ Bd6 22. Rxd8+ Rxd8 23. c5 Kc6 24. cxd6 cxd6 25. Rxd6+ Rxd6 26. exd6
Kxd6 27. Kf1 f6 28. Ba3+ Kd7 29. Bf8 Ke8 30. Bxg7 Kf7 31. Bh6 g5 32. f4 Kg6 33.
fxg5 fxg5 34. Bf8 Kf5 35. g4+ Ke4 36. Be7 Kf4 37. Kf2 b5 38. Bb4 Ke4 39. Bd2 e5
40. Ke2 1-0

[Event "España ch sub-16 2007"]
[Site "Linres ESP"]
[Date "2007.07.23"]
[Round "3.3"]
[White "Fernandez Garcia, Jose Miguel"]
[Black "Alonso Rosell, Alvar"]
[Result "0-1"]
[WhiteElo "2036"]
[BlackElo "2285"]
[PlyCount "74"]
[EventDate "2007.07.22"]
[EventType "swiss"]
[EventRounds "9"]
[EventCountry "ESP"]
[Source "lmi"]
[SourceDate "2007.07.22"]

1. Nf3 c5 2. c4 Nc6 3. d4 cxd4 4. Nxd4 Nf6 5. Nc3 e6 6. a3 Bc5 7. Nb3 Be7 8. e4
b6 9. Be2 Bb7 10. f4 O-O 11. Bf3 d6 12. O-O Rc8 13. Be3 Qc7 14. Rc1 Qb8 15. g4
Rfe8 16. g5 Nd7 17. Bg4 Bf8 18. Qe2 a6 19. Nd2 g6 20. f5 Nce5 21. fxe6 fxe6 22.
Bh3 Bg7 23. Bd4 Qc7 24. Qe3 Nxc4 25. Nxc4 Bxd4 26. Qxd4 Qxc4 27. Qxd6 Qc5+ 28.
Qxc5 Rxc5 29. Nd5 exd5 30. Bxd7 Rxe4 31. Rxc5 bxc5 32. Rf6 Re7 33. Bc6 Bxc6 34.
Rxc6 c4 35. Rxa6 Rb7 36. Rd6 Rxb2 37. Rxd5 c3 0-1

[Event "España ch sub-16 2007"]
[Site "Linres ESP"]
[Date "2007.07.23"]
[Round "3.4"]
[White "Velandrino Gomez, Maria Cielo"]
[Black "Moreno Gracia, Daniel"]
[Result "1/2-1/2"]
[WhiteElo "2028"]
[BlackElo "2237"]
[PlyCount "31"]
[EventDate "2007.07.22"]
[EventType "swiss"]
[EventRounds "9"]
[EventCountry "ESP"]
[Source "lmi"]
[SourceDate "2007.07.22"]

1. d4 Nf6 2. Bg5 c6 3. Bxf6 gxf6 4. c4 d5 5. e3 Bf5 6. Nc3 e6 7. Nf3 Qb6 8. Qd2
Nd7 9. Rc1 a6 10. Be2 Bg7 11. O-O O-O 12. cxd5 cxd5 13. Nh4 Bg6 14. Nxg6 hxg6
15. Na4 Qd6 16. Nc5 1/2-1/2

[Event "España ch sub-16 2007"]
[Site "Linres ESP"]
[Date "2007.07.23"]
[Round "3.5"]
[White "Fernandez Martinez, Jorge"]
[Black "Senlle Caride, Miguel"]
[Result "1/2-1/2"]
[WhiteElo "2027"]
[BlackElo "2179"]
[PlyCount "103"]
[EventDate "2007.07.22"]
[EventType "swiss"]
[EventRounds "9"]
[EventCountry "ESP"]
[Source "lmi"]
[SourceDate "2007.07.22"]

1. d4 Nf6 2. Nf3 g6 3. c4 c6 4. Nc3 d5 5. cxd5 cxd5 6. Bf4 Nc6 7. h3 Ne4 8. e3
Nxc3 9. bxc3 Bg7 10. c4 O-O 11. cxd5 Qxd5 12. Be2 Bf5 13. O-O Nb4 14. Nd2 Rac8
15. Qa4 a5 16. Bf3 Qd8 17. Bxb7 Bd7 18. Qb3 Be6 19. Qa4 Rc3 20. Nb3 Bd7 21.
Qxa5 Qxa5 22. Nxa5 Ra3 23. Nb3 Bb5 24. Rfd1 Rxa2 25. Rxa2 Nxa2 26. Nc5 Nc3 27.
Rd2 Ne2+ 28. Kh2 Nxf4 29. exf4 Rd8 30. d5 Bh6 31. g3 Bg7 32. Ne4 Bc4 33. d6
exd6 34. Rxd6 Rxd6 35. Nxd6 Be6 36. Kg2 Kf8 37. Ne4 h6 38. Nc5 Ke7 39. Bf3 Bd4
40. Ne4 f5 41. Nd2 Kf6 42. Bd1 Bd5+ 43. Bf3 Be6 44. Nf1 g5 45. fxg5+ hxg5 46.
Ne3 Bxe3 47. fxe3 g4 48. hxg4 fxg4 49. Bd1 Ke5 50. Bc2 Bc8 51. Kf2 Bd7 52. Bg6
1/2-1/2

[Event "España ch sub-16 2007"]
[Site "Linres ESP"]
[Date "2007.07.23"]
[Round "3.6"]
[White "Marcos Pinto, Luis"]
[Black "Garcia Molina, Francisco Miguel"]
[Result "1/2-1/2"]
[WhiteElo "2015"]
[BlackElo "2157"]
[PlyCount "76"]
[EventDate "2007.07.22"]
[EventType "swiss"]
[EventRounds "9"]
[EventCountry "ESP"]
[Source "lmi"]
[SourceDate "2007.07.22"]

1. e4 e6 2. b3 d5 3. Bb2 dxe4 4. Nc3 f5 5. f3 Bd6 6. fxe4 Qh4+ 7. g3 Bxg3+ 8.
hxg3 Qxh1 9. Nb5 Nf6 10. Nxc7+ Kd8 11. Nxa8 Qxg1 12. Qf3 Nxe4 13. O-O-O Qf2 14.
Qh5 Qxg3 15. Qf7 Bd7 16. Bxg7 Re8 17. d3 Nd6 18. Bf6+ Kc8 19. Qxh7 Nc6 20. Kb2
Qg8 21. Qh2 Qf8 22. d4 Nd8 23. Qe5 Bc6 24. c4 Kb8 25. c5 Kxa8 26. cxd6 Nf7 27.
Be7 Nxe5 28. Bxf8 Ng4 29. Bg7 Kb8 30. Be2 Rg8 31. Be5 Kc8 32. Rg1 Kd7 33. Bxg4
Rxg4 34. Rxg4 fxg4 35. Kc3 Be4 36. Kd2 Bb1 37. a3 a5 38. Kc3 Ke8 1/2-1/2

[Event "España ch sub-16 2007"]
[Site "Linres ESP"]
[Date "2007.07.23"]
[Round "3.7"]
[White "Rodrgiuez Ferrer, Pablo"]
[Black "Gago Padreny, Ignacio"]
[Result "0-1"]
[WhiteElo "2007"]
[BlackElo "2124"]
[PlyCount "44"]
[EventDate "2007.07.22"]
[EventType "swiss"]
[EventRounds "9"]
[EventCountry "ESP"]
[Source "lmi"]
[SourceDate "2007.07.22"]

1. e4 c5 2. Nc3 d6 3. g3 g6 4. Bg2 Bg7 5. d3 Nc6 6. f4 e6 7. Nf3 Nge7 8. O-O
O-O 9. Be3 b6 10. Qd2 d5 11. Bf2 dxe4 12. dxe4 Qxd2 13. Nxd2 Ba6 14. Rfd1 Nd4
15. e5 Rad8 16. Be4 f5 17. exf6 Bxf6 18. Nb3 Nef5 19. Nc1 Nd6 20. Bd3 Bb7 21.
N1e2 Nf3+ 22. Kg2 c4 0-1

[Event "España ch sub-16 2007"]
[Site "Linres ESP"]
[Date "2007.07.23"]
[Round "3.8"]
[White "Pintor Muñoz, Antonio"]
[Black "Alcaraz Ortega, Javier"]
[Result "1-0"]
[WhiteElo "1983"]
[BlackElo "2103"]
[PlyCount "107"]
[EventDate "2007.07.22"]
[EventType "swiss"]
[EventRounds "9"]
[EventCountry "ESP"]
[Source "lmi"]
[SourceDate "2007.07.22"]

1. d4 b6 2. e4 Bb7 3. Bd3 Nf6 4. Qe2 e6 5. Nf3 d5 6. e5 Ne4 7. O-O c5 8. c3 Be7
9. Ne1 h6 10. f3 Ng5 11. Nd2 cxd4 12. cxd4 Nc6 13. Nc2 O-O 14. Kh1 Nb4 15. Nxb4
Bxb4 16. a3 Be7 17. f4 Nh7 18. Qg4 Bc8 19. Nf3 Kh8 20. Bd2 a5 21. Rf2 Bd7 22.
Raf1 Bc8 23. Ne1 Ba6 24. Bxa6 Rxa6 25. f5 exf5 26. Rxf5 f6 27. Nd3 g5 28. Qh5
Kg7 29. Qg4 Kh8 30. R1f3 b5 31. Qh5 Kg7 32. e6 Qe8 33. Qxe8 Rxe8 34. Rxd5 b4
35. axb4 Bxb4 36. Rd7+ Kg6 37. Bxb4 axb4 38. h3 Nf8 39. Rb7 Nxe6 40. Rxb4 Rd8
41. Nc5 Ra1+ 42. Kh2 Rxd4 43. Rxd4 Nxd4 44. Rd3 Nb5 45. Rd5 Rb1 46. Nd3 Nc7 47.
Rd7 Ne8 48. b4 h5 49. Rb7 Nd6 50. Rb6 Nf5 51. Ne5+ Kg7 52. Rb7+ Kh6 53. Nd7 g4
54. hxg4 1-0

[Event "España ch sub-16 2007"]
[Site "Linres ESP"]
[Date "2007.07.23"]
[Round "3.9"]
[White "Gil Quilez, David"]
[Black "Galan Martin, Pedro Juan"]
[Result "1/2-1/2"]
[WhiteElo "1934"]
[BlackElo "2095"]
[PlyCount "68"]
[EventDate "2007.07.22"]
[EventType "swiss"]
[EventRounds "9"]
[EventCountry "ESP"]
[Source "lmi"]
[SourceDate "2007.07.22"]

1. e4 e5 2. Nf3 Nc6 3. Bc4 Bc5 4. c3 Nf6 5. d3 d6 6. b4 Bb6 7. a4 a5 8. b5 Ne7
9. Be3 Bxe3 10. fxe3 Ng6 11. O-O O-O 12. Nbd2 c6 13. h3 d5 14. exd5 cxd5 15.
Bb3 Qb6 16. Qe2 Nf4 17. Qf2 Nxd3 18. Qe2 e4 19. Nd4 Qc7 20. c4 Qg3 21. Nf5 Qe5
22. Nd4 Qg5 23. cxd5 Bxh3 24. Rxf6 gxf6 25. Nxe4 Qg6 26. Nxf6+ Qxf6 27. Qxd3
Qg5 28. Ra2 Rae8 29. e4 Bg4 30. Rf2 Qe5 31. Bc2 f5 32. exf5 Qf6 33. Ne6 Rf7 34.
Rf4 Qe5 1/2-1/2

[Event "España ch sub-16 2007"]
[Site "Linres ESP"]
[Date "2007.07.23"]
[Round "3.10"]
[White "Pardo Simon, David"]
[Black "Santana Montero, Pedro L"]
[Result "0-1"]
[WhiteElo "2080"]
[BlackElo "1888"]
[PlyCount "82"]
[EventDate "2007.07.22"]
[EventType "swiss"]
[EventRounds "9"]
[EventCountry "ESP"]
[Source "lmi"]
[SourceDate "2007.07.22"]

1. e4 e6 2. d4 d5 3. e5 c5 4. c3 Nc6 5. Nf3 Qb6 6. a3 Nh6 7. b4 cxd4 8. cxd4
Nf5 9. Bb2 Be7 10. Bd3 a5 11. Bxf5 exf5 12. Nc3 Be6 13. b5 a4 14. Rb1 Na5 15.
Qxa4 O-O 16. Qc2 Nc4 17. a4 Rfc8 18. O-O Qa5 19. Bc1 Na3 20. Bxa3 Rxc3 21. Qxc3
Qxc3 22. Bxe7 Rxa4 23. Rfc1 Qd3 24. Rd1 Qe2 25. Re1 Qa2 26. h4 h6 27. Rbc1 Qb3
28. Rb1 Qd3 29. Red1 Qe4 30. Re1 Qg4 31. Rb3 f4 32. Rc1 Rc4 33. Ra1 Bf5 34.
Ra8+ Kh7 35. Ra7 Rc1+ 36. Kh2 Rf1 37. Rb2 Be4 38. Ra3 g5 39. hxg5 Qh5+ 40. Nh4
Qxh4+ 41. Rh3 Rh1+ 0-1

[Event "España ch sub-16 2007"]
[Site "Linres ESP"]
[Date "2007.07.23"]
[Round "3.11"]
[White "Martin Fuentes, Alberto"]
[Black "Harutyunyan, Tigran S"]
[Result "1-0"]
[WhiteElo "2071"]
[BlackElo "1951"]
[PlyCount "85"]
[EventDate "2007.07.22"]
[EventType "swiss"]
[EventRounds "9"]
[EventCountry "ESP"]
[Source "lmi"]
[SourceDate "2007.07.22"]

1. e4 c5 2. Nc3 d6 3. g3 Nc6 4. Bg2 g6 5. f4 Bg7 6. d3 e5 7. Nh3 Nge7 8. O-O
O-O 9. f5 f6 10. fxg6 hxg6 11. Be3 Nd4 12. Qd2 Be6 13. Nd5 Qd7 14. Nf2 b5 15.
c3 Ndc6 16. Rae1 Rac8 17. Nd1 Bh3 18. Nxe7+ Nxe7 19. Rf2 Bxg2 20. Kxg2 d5 21.
Bh6 d4 22. Bxg7 Kxg7 23. h4 Qg4 24. Rff1 Qe6 25. b3 a6 26. Qe2 Ng8 27. g4 Nh6
28. g5 Qg4+ 29. Qxg4 Nxg4 30. Kg3 f5 31. h5 Rcd8 32. Rf3 Rd7 33. hxg6 Kxg6 34.
exf5+ Kxg5 35. Re4 Nh6 36. Rxe5 Rxf5 37. Rfxf5+ Nxf5+ 38. Kf2 dxc3 39. Nxc3
Rxd3 40. Rxc5 b4 41. Ne2 Rd2 42. Ke1 Rxa2 43. Nd4 1-0

[Event "España ch sub-16 2007"]
[Site "Linres ESP"]
[Date "2007.07.24"]
[Round "4.1"]
[White "Salgado Lopez, Ivan"]
[Black "Martin Fuentes, Alberto"]
[Result "1-0"]
[WhiteElo "2456"]
[BlackElo "2071"]
[PlyCount "77"]
[EventDate "2007.07.22"]
[EventType "swiss"]
[EventRounds "9"]
[EventCountry "ESP"]
[Source "lmi"]
[SourceDate "2007.07.22"]

1. c4 c5 2. Nf3 Nc6 3. b3 e6 4. Bb2 Nf6 5. e3 g6 6. d4 cxd4 7. exd4 d5 8. Nbd2
Bg7 9. Be2 O-O 10. Rc1 Ne7 11. O-O b6 12. c5 Ne4 13. c6 Qd6 14. Nxe4 dxe4 15.
Nd2 f5 16. Qc2 Nd5 17. Rfd1 Nb4 18. Nc4 Qf4 19. Qb1 Nxc6 20. Nxb6 Rb8 21. g3
Qd6 22. Nc4 Qe7 23. Ne5 Nxe5 24. dxe5 Rd8 25. Rxd8+ Qxd8 26. Rd1 Qc7 27. Qc1
Qxc1 28. Rxc1 Bb7 29. Rc7 a5 30. Rc5 a4 31. Rb5 a3 32. Bxa3 Ra8 33. Bd6 Rxa2
34. Bc4 Ra1+ 35. Kg2 Bd5 36. Rxd5 exd5 37. Bxd5+ Kh8 38. e6 Bf6 39. e7 1-0

[Event "España ch sub-16 2007"]
[Site "Linres ESP"]
[Date "2007.07.24"]
[Round "4.2"]
[White "Gago Padreny, Ignacio"]
[Black "Recuero Guerra, David"]
[Result "0-1"]
[WhiteElo "2124"]
[BlackElo "2378"]
[PlyCount "76"]
[EventDate "2007.07.22"]
[EventType "swiss"]
[EventRounds "9"]
[EventCountry "ESP"]
[Source "lmi"]
[SourceDate "2007.07.22"]

1. d4 Nf6 2. c4 e6 3. Nc3 c5 4. d5 d6 5. e4 a6 6. a4 exd5 7. cxd5 g6 8. f3 Bg7
9. Nge2 O-O 10. Ng3 Qe7 11. Be2 Nbd7 12. O-O Rb8 13. Be3 Ne8 14. Qd2 Nc7 15. f4
Qd8 16. Rab1 b5 17. b4 cxb4 18. Rxb4 a5 19. Rbb1 b4 20. Nb5 Nb6 21. Qa2 Bd7 22.
Rfc1 Nxb5 23. Bxb5 Nc8 24. Bc6 Re8 25. Qc4 f5 26. Bd4 Nb6 27. Qd3 Bxd4+ 28.
Qxd4 Nxa4 29. Bxd7 Qxd7 30. Rc6 Nc3 31. exf5 Nxb1 32. h4 Qe7 33. h5 Qe3+ 34.
Qxe3 Rxe3 35. Kf2 Rxg3 36. Kxg3 gxf5 37. Kh4 Nc3 38. Kg5 b3 0-1

[Event "España ch sub-16 2007"]
[Site "Linres ESP"]
[Date "2007.07.24"]
[Round "4.3"]
[White "Alonso Rosell, Alvar"]
[Black "Pintor Muñoz, Antonio"]
[Result "1-0"]
[WhiteElo "2285"]
[BlackElo "1983"]
[PlyCount "87"]
[EventDate "2007.07.22"]
[EventType "swiss"]
[EventRounds "9"]
[EventCountry "ESP"]
[Source "lmi"]
[SourceDate "2007.07.22"]

1. d4 e6 2. c4 Nf6 3. Nc3 Bb4 4. f3 c5 5. d5 Nh5 6. Nh3 Qh4+ 7. Nf2 Qxc4 8. e4
Bxc3+ 9. bxc3 Qxc3+ 10. Bd2 Qa3 11. e5 Qb2 12. f4 Qd4 13. g3 g6 14. d6 b6 15.
Bg2 Nc6 16. O-O Bb7 17. Re1 c4 18. Rc1 b5 19. Qe2 Qb6 20. Be3 Qd8 21. g4 Ng7
22. Ne4 O-O 23. Nf6+ Kh8 24. Bf2 Ne8 25. Bh4 Qb6+ 26. Qe3 Nxf6 27. Bxf6+ Kg8
28. Kh1 Qxe3 29. Rxe3 Rab8 30. a3 Nd4 31. Rcc3 h6 32. Rh3 Bxg2+ 33. Kxg2 h5 34.
gxh5 Ne2 35. Rcf3 g5 36. fxg5 c3 37. g6 c2 38. h6 fxg6 39. h7+ Kf7 40. Be7+ Kg7
41. Rxf8 Nf4+ 42. Rxf4 c1=Q 43. Bf6+ Kf7 44. Bg5+ 1-0

[Event "España ch sub-16 2007"]
[Site "Linres ESP"]
[Date "2007.07.24"]
[Round "4.4"]
[White "Santana Montero, Pedro L"]
[Black "Cabrera Trujillo, Jorge"]
[Result "1-0"]
[WhiteElo "1888"]
[BlackElo "2324"]
[PlyCount "61"]
[EventDate "2007.07.22"]
[EventType "swiss"]
[EventRounds "9"]
[EventCountry "ESP"]
[Source "lmi"]
[SourceDate "2007.07.22"]

1. e4 c5 2. Nf3 d6 3. d4 cxd4 4. Nxd4 Nf6 5. Nc3 Nc6 6. Be2 g6 7. Be3 Bg7 8.
Qd2 Ng4 9. Bxg4 Bxg4 10. f4 Bd7 11. O-O Qa5 12. Rad1 O-O 13. Nb3 Qa6 14. Nd5
Rac8 15. Nd4 Rfe8 16. b3 Be6 17. c4 Bxd5 18. exd5 Nxd4 19. Bxd4 Bxd4+ 20. Qxd4
Qxa2 21. Rd3 e5 22. dxe6 Rxe6 23. f5 Re2 24. Qd5 Rc7 25. fxg6 hxg6 26. Rg3 Qc2
27. Qxd6 Rce7 28. Qd8+ Kg7 29. Qd4+ R7e5 30. Qf4 Rf5 31. Qxf5 1-0

[Event "España ch sub-16 2007"]
[Site "Linres ESP"]
[Date "2007.07.24"]
[Round "4.5"]
[White "Sanchez Delgado, Lidia"]
[Black "Arribas Lopez, Angel"]
[Result "0-1"]
[WhiteElo "2053"]
[BlackElo "2292"]
[PlyCount "70"]
[EventDate "2007.07.22"]
[EventType "swiss"]
[EventRounds "9"]
[EventCountry "ESP"]
[Source "lmi"]
[SourceDate "2007.07.22"]

1. e4 c5 2. Nf3 d6 3. d4 cxd4 4. Nxd4 Nf6 5. Nc3 g6 6. Be3 Bg7 7. Bc4 O-O 8. f3
Nc6 9. Qd2 Bd7 10. h4 h5 11. O-O-O Rb8 12. Bb3 Na5 13. Bh6 b5 14. Bxg7 Kxg7 15.
Rdg1 Nc4 16. Qd3 Qb6 17. Nd5 Nxd5 18. exd5 Qc5 19. g4 Rh8 20. Kb1 hxg4 21. fxg4
Ne5 22. Qe4 a5 23. c3 a4 24. Bc2 b4 25. c4 Qxc4 26. Rc1 Qa6 27. h5 b3 28. axb3
axb3 29. Bxb3 Rxb3 30. Nxb3 Ra8 31. Nc5 Qa2+ 32. Kc2 Rc8 33. Kd2 Bxg4 34. hxg6
fxg6 35. Qxg4 Qxd5+ 0-1

[Event "España ch sub-16 2007"]
[Site "Linres ESP"]
[Date "2007.07.24"]
[Round "4.6"]
[White "Varona Poncela, Tomas"]
[Black "Camacho Collados, Marcos"]
[Result "1/2-1/2"]
[WhiteElo "2034"]
[BlackElo "2239"]
[PlyCount "92"]
[EventDate "2007.07.22"]
[EventType "swiss"]
[EventRounds "9"]
[EventCountry "ESP"]
[Source "lmi"]
[SourceDate "2007.07.22"]

1. e4 e5 2. Nf3 Nf6 3. Nxe5 d6 4. Nf3 Nxe4 5. d3 Nf6 6. d4 d5 7. Bd3 Bd6 8. Bg5
O-O 9. O-O Bg4 10. Nbd2 c6 11. c3 Nbd7 12. Qc2 Qc7 13. Rfe1 Rfe8 14. h3 Be6 15.
Re2 h6 16. Be3 b6 17. b3 c5 18. c4 Rac8 19. Rc1 dxc4 20. Nxc4 Bf4 21. Bxf4 Qxf4
22. Qd2 Qxd2 23. Ncxd2 Red8 24. Ne4 Bd5 25. dxc5 Nxe4 26. Bxe4 Re8 27. Rce1
Bxe4 28. Rxe4 Rxe4 29. Rxe4 bxc5 30. Re7 Rd8 31. Ne5 Nxe5 32. Rxe5 Rd1+ 33. Kh2
Rd2 34. Rxc5 Rxa2 35. Kg3 g6 36. b4 Kf8 37. Rc7 Kg7 38. Kf3 Kf6 39. g3 Ra3+ 40.
Ke4 Ra4 41. Kd3 Rxb4 42. Rxa7 h5 43. h4 Ke6 44. Ke3 f6 45. Ra6+ Kf5 46. Kf3
Rb3+ 1/2-1/2

[Event "España ch sub-16 2007"]
[Site "Linres ESP"]
[Date "2007.07.24"]
[Round "4.7"]
[White "Moreno Gracia, Daniel"]
[Black "Lara Lopez, Sergio"]
[Result "1/2-1/2"]
[WhiteElo "2237"]
[BlackElo "2056"]
[PlyCount "115"]
[EventDate "2007.07.22"]
[EventType "swiss"]
[EventRounds "9"]
[EventCountry "ESP"]
[Source "lmi"]
[SourceDate "2007.07.22"]

1. c4 e5 2. Nc3 Nc6 3. g3 g6 4. Bg2 Bg7 5. Nf3 d6 6. d3 f5 7. O-O Nf6 8. Rb1
O-O 9. b4 h6 10. b5 Ne7 11. c5 g5 12. Qb3+ Kh7 13. Ba3 f4 14. cxd6 cxd6 15. Qb4
Nf5 16. Nd2 d5 17. Qb3 Nd4 18. Qd1 Re8 19. Nb3 Bg4 20. Re1 Rc8 21. Rc1 b6 22.
h3 Bh5 23. g4 Bg6 24. Nxd4 exd4 25. Nxd5 Rxc1 26. Nxf6+ Qxf6 27. Qxc1 f3 28.
Bxf3 Bxd3 29. exd3 Rxe1+ 30. Qxe1 Qxf3 31. Qe4+ Qxe4 32. dxe4 Be5 33. Kf1 d3
34. Bb4 Kg6 35. Ke1 Bf4 36. Bd2 Be5 37. Kd1 Kf6 38. Kc1 Bd4 39. f3 Ke5 40. a4
Bc5 41. Bc3+ Kf4 42. Kd2 Kxf3 43. Kxd3 Kg3 44. Ke2 Kxh3 45. Kf3 h5 46. gxh5 g4+
47. Kf4 g3 48. h6 Be3+ 49. Ke5 Bxh6 50. Be1 g2 51. Bf2 Kg4 52. Kd6 Bf4+ 53. Kc6
Bh2 54. e5 Kf5 55. Kb7 g1=Q 56. Bxg1 Bxg1 57. Kxa7 Kxe5 58. Ka6 1/2-1/2

[Event "España ch sub-16 2007"]
[Site "Linres ESP"]
[Date "2007.07.24"]
[Round "4.8"]
[White "Senlle Caride, Miguel"]
[Black "Velandrino Gomez, Maria Cielo"]
[Result "1-0"]
[WhiteElo "2179"]
[BlackElo "2028"]
[PlyCount "105"]
[EventDate "2007.07.22"]
[EventType "swiss"]
[EventRounds "9"]
[EventCountry "ESP"]
[Source "lmi"]
[SourceDate "2007.07.22"]

1. g3 d5 2. Nf3 Nf6 3. Bg2 Bg4 4. Ne5 Bf5 5. c4 c6 6. d4 e6 7. Nc3 Bd6 8. cxd5
exd5 9. Bf4 O-O 10. O-O Qe7 11. Re1 Nbd7 12. e4 dxe4 13. Nxe4 Nxe4 14. Bxe4
Bxe4 15. Rxe4 Bxe5 16. dxe5 Nc5 17. Re2 Rad8 18. Rd2 Ne6 19. Be3 b6 20. f4 c5
21. Qg4 Rxd2 22. Bxd2 Nd4 23. Re1 Qe6 24. Qxe6 Nxe6 25. Bc3 Rd8 26. Kf2 g6 27.
Ke3 h5 28. Re2 Kf8 29. Rd2 Ke7 30. Rxd8 Nxd8 31. Ke4 Ke6 32. h3 Nc6 33. g4 hxg4
34. hxg4 Ne7 35. Be1 Nc6 36. f5+ gxf5+ 37. gxf5+ Kd7 38. Bc3 Ne7 39. Be1 Nc6
40. Bf2 Ne7 41. a3 Nc6 42. Be3 Ne7 43. Bf4 Nc6 44. Bg5 Nd4 45. Bh6 Ke7 46. Be3
Nc6 47. Kd5 Na5 48. Bd2 Nb7 49. Kc6 Nd8+ 50. Kc7 Ke8 51. Bg5 f6 52. Bxf6 Nf7
53. Kb7 1-0

[Event "España ch sub-16 2007"]
[Site "Linres ESP"]
[Date "2007.07.24"]
[Round "4.9"]
[White "Garcia Molina, Francisco Miguel"]
[Black "Fernandez Martinez, Jorge"]
[Result "1/2-1/2"]
[WhiteElo "2157"]
[BlackElo "2027"]
[PlyCount "83"]
[EventDate "2007.07.22"]
[EventType "swiss"]
[EventRounds "9"]
[EventCountry "ESP"]
[Source "lmi"]
[SourceDate "2007.07.22"]

1. e4 e6 2. d4 d5 3. Nd2 Nf6 4. e5 Nfd7 5. Bd3 c5 6. c3 Nc6 7. Ngf3 Qb6 8. O-O
cxd4 9. cxd4 Nxd4 10. Nxd4 Qxd4 11. Nf3 Qb6 12. Qa4 Qb4 13. Qc2 Qc5 14. Qe2 Be7
15. Be3 Qa5 16. a3 O-O 17. Bd4 Qd8 18. Rac1 b6 19. Nd2 Nc5 20. f4 Nxd3 21. Qxd3
Bd7 22. Rf3 Rc8 23. Rcf1 Qc7 24. Bc3 Qc5+ 25. Bd4 Qc2 26. Qe3 Bc5 27. Re1 Bxd4
28. Qxd4 Qc5 29. Nb3 Qxd4+ 30. Nxd4 Rc4 31. Rd3 Rfc8 32. Kf2 Kf8 33. Ke3 Rc1
34. Rdd1 Rxd1 35. Rxd1 Ke7 36. b3 h5 37. Kd2 f6 38. Rc1 Rxc1 39. Kxc1 Kf7 40.
h4 fxe5 41. fxe5 Be8 42. Kd2 1/2-1/2

[Event "España ch sub-16 2007"]
[Site "Linres ESP"]
[Date "2007.07.24"]
[Round "4.10"]
[White "Gimenez Menchon, Cesar"]
[Black "Coll Ortega, Jordi"]
[Result "1-0"]
[WhiteElo "1895"]
[BlackElo "2105"]
[PlyCount "109"]
[EventDate "2007.07.22"]
[EventType "swiss"]
[EventRounds "9"]
[EventCountry "ESP"]
[Source "lmi"]
[SourceDate "2007.07.22"]

1. d4 Nf6 2. Nf3 e6 3. Bf4 b6 4. Nbd2 Bb7 5. e3 c5 6. Bd3 d5 7. c3 Be7 8. Ne5
O-O 9. Qf3 Nbd7 10. h4 Nxe5 11. dxe5 Ne8 12. Qh5 f5 13. Nf3 g6 14. Qh6 Rf7 15.
Ng5 Bxg5 16. Bxg5 Qc7 17. h5 gxh5 18. Qxe6 Ng7 19. Qd6 Qxd6 20. exd6 Rd7 21.
Be7 Bc6 22. Rh3 Kf7 23. Rf3 Ke6 24. O-O-O b5 25. Rh1 Rg8 26. Rg3 Kf7 27. Rg5 h6
28. Rg3 Rb7 29. Rh4 Bd7 30. Rf4 Rc8 31. e4 c4 32. Bc2 Rbb8 33. exf5 Rg8 34. Rg6
Rh8 35. Rg3 Rhg8 36. Rg6 Rh8 37. Rf6+ Kg8 38. Rf3 h4 39. Rf4 h5 40. Rxh4 b4 41.
cxb4 Rxb4 42. Rf8+ Kh7 43. f6+ Nf5 44. Rxh5+ Kg6 45. Rhxh8 d4 46. g4 d3 47.
Rfg8+ Kf7 48. gxf5 Bxf5 49. Bd1 d2+ 50. Kxd2 Rxb2+ 51. Kc3 Rxf2 52. Bh5+ Ke6
53. Bg4 Rc2+ 54. Kb4 a5+ 55. Kc5 1-0